| 000 | 00695nam a2200241 a 4500 | ||
|---|---|---|---|
| 001 | 53642 | ||
| 003 | BD-RjUL | ||
| 005 | 20211209080008.0 | ||
| 008 | 161019r1958 enka|||| |||| 001 0 eng d | ||
| 035 | _a(BD-RjUL)53764 | ||
| 040 |
_aBD-RjUL _beng _cBD-RjUL |
||
| 041 | _aeng | ||
| 082 |
_223 _a540 _bHOS 1958 |
||
| 100 |
_aHolderness, A. _9160299 |
||
| 245 |
_aSchool certificate chemistry / _cA.Holderness and John Lambert |
||
| 250 | _a4th ed. | ||
| 260 |
_aLondon : _bWilliam Heinemann, _cc1954 [ reprinted 1958 ]. |
||
| 300 |
_axi, 435 p. : _bill. ; _c22 cm. |
||
| 500 | _aIncludes index | ||
| 650 |
_a Chemistry. _9160300 |
||
| 700 |
_aLambert, John _9160301 |
||
| 942 |
_2ddc _cBK |
||
| 999 |
_c53642 _d53642 |
||